Every Song by 10 Minute Warning - Statistics

General Stats
  • This quiz has been taken 4 times
  • The average score is 10 of 17
Answer Stats
Album Song % Correct
This Could Be Heaven - The Lost 1984 Recordings(2021) (This Could Be) Heaven
100%
10 Minute Warning(1998) Buried
67%
10 Minute Warning(1998) Disconnected
67%
This Could Be Heaven - The Lost 1984 Recordings(2021) Echoes
67%
10 Minute Warning(1998) Face First
67%
This Could Be Heaven - The Lost 1984 Recordings(2021) Last Dream
67%
This Could Be Heaven - The Lost 1984 Recordings(2021) Lights
67%
10 Minute Warning(1998) Mezz
67%
This Could Be Heaven - The Lost 1984 Recordings(2021) Stooge
67%
10 Minute Warning(1998) Swollen Rage
67%
This Could Be Heaven - The Lost 1984 Recordings(2021) Woke Up Dreaming
67%
This Could Be Heaven - The Lost 1984 Recordings(2021) Disraeli
33%
10 Minute Warning(1998) Erthe
33%
10 Minute Warning(1998) Is This the Way?
33%
This Could Be Heaven - The Lost 1984 Recordings(2021) Necropolitan Affair
33%
10 Minute Warning(1998) No More Time
33%
10 Minute Warning(1998) Pictures
33%
No matching quizzes found
Score Distribution
Percent of People with Each Score
Percentile by Number Answered
Your Score History
You have not taken this quiz